Chemical engineering education, academic and industrial /

Bibliographic Details
Corporate Author: American Institute of Chemical Engineers
Other Authors: Calvert, Seymour, 1924-
Format: Book
Language:English
Published: New York : American Institute of Chemical Engineers, 1959.
Series:Chemical engineering progress symposium series ; no. 26.
Subjects:

MARC

Tag First Indicator Second Indicator Subfields
LEADER 00000cam a2200000 a 4500
001 in00000095040
008 740725s1959 nyuac b 100 0 eng
005 20260602181956.1
010 |a  60002631  
019 |a 639841933  |a 985138372  |a 1066818623 
029 1 |a AU@  |b 000004020143 
029 1 |a AU@  |b 000042264592 
029 1 |a DEBBG  |b BV019650821 
035 |z (OCoLC)639841933  |z (OCoLC)985138372  |z (OCoLC)1066818623 
035 |a (OCoLC)962090 
040 |a DLC  |b eng  |c SYB  |d TAI  |d OCL  |d OCLCQ  |d OCLCG  |d HL8  |d OCLCF  |d OCLCO  |d OCLCQ  |d OCL  |d OCLCQ  |d CPO  |d OCLCQ  |d OCLCO  |d OCLCL  |d OCLCQ  |d OCLCL  |d OCLCO  |d OCLCL 
050 0 0 |a TP165  |b .A55 
110 2 |a American Institute of Chemical Engineers.  |1 https://id.oclc.org/worldcat/entity/E39QH7JmqF779YrTdgHtm4CBJt 
245 1 0 |a Chemical engineering education, academic and industrial /  |c Seymour Calvert [and others]. 
264 1 |a New York :  |b American Institute of Chemical Engineers,  |c 1959. 
300 |a 70 pages :  |b illustrations, portrait ;  |c 28 cm. 
336 |a text  |b txt  |2 rdacontent 
337 |a unmediated  |b n  |2 rdamedia 
338 |a volume  |b nc  |2 rdacarrier 
490 1 |a Chemical engineering progress symposium series ;  |v no. 26 
500 |a "Volume 55"--Corresponding volume of Chemical engineering progress. 
504 |a Includes bibliographical references. 
650 0 |a Chemical engineering  |x Study and teaching  |v Congresses. 
650 7 |a Chemical engineering  |x Study and teaching  |2 fast 
655 7 |a Conference papers and proceedings  |2 fast 
700 1 |a Calvert, Seymour,  |d 1924-  |1 https://id.oclc.org/worldcat/entity/E39PCjGHGJC34D6rpDJfMJmkym 
758 |i has work:  |a Chemical engineering education, academic and industrial (Text)  |1 https://id.oclc.org/worldcat/entity/E39PCFHhrhRkkqDKBYB8CFvk8P  |4 https://id.oclc.org/worldcat/ontology/hasWork 
830 0 |a Chemical engineering progress symposium series ;  |v no. 26. 
948 |h HELD BY TXA - 91 OTHER HOLDINGS 
994 |a Z0  |b TXA 
999 f f |s 1c4d99e4-9e26-38ff-9056-d23502c2f72c  |i c3a8c3d6-6ae3-36b2-a78d-7c9512e3d662  |t 0 
952 f f |p ric  |a Texas A&M University  |b Rellis Campus  |c Joint Library Facility  |s JLF  |d Remote Storage  |t 0  |e TP165 .A55  |h Library of Congress classification  |i unmediated -- volume  |m A14810769302 
998 f f |a TP165 .A55  |t 0  |l Remote Storage